00481nam a2200157 a 4500020002700000020003000027082001200057100002200069245002400091250003200115260004400147300001300191500002700204700002200231856007000253 a0071140050 (paperback) a9780071140058 (paperback) a547 ATK1 aAtkins, Robert C.10aOrganic chemistry : aInternational 2 Revised Ed. aNew YorkbMcGraw-Hill Education,c1997. a560 p. ; aInternational Edition.1 aCarey, Francis A.40uhttp://www.amazon.com/exec/obidos/ASIN/0071140050/chopaconline-20